<?xml version="1.0" encoding="UTF-8"?>
<record
    xmlns:xsi="http://www.w3.org/2001/XMLSchema-instance"
    xsi:schemaLocation="http://www.loc.gov/MARC21/slim http://www.loc.gov/standards/marcxml/schema/MARC21slim.xsd"
    xmlns="http://www.loc.gov/MARC21/slim">

  <leader>01472nam a22001817a 4500</leader>
  <controlfield tag="008">180212b        xxu||||| |||| 00| 0 eng d</controlfield>
  <datafield tag="020" ind1=" " ind2=" ">
    <subfield code="a">0803610572</subfield>
  </datafield>
  <datafield tag="050" ind1=" " ind2=" ">
    <subfield code="a">RA418.5.T73T73</subfield>
  </datafield>
  <datafield tag="100" ind1=" " ind2=" ">
    <subfield code="a">PURNELL, Larry D.</subfield>
  </datafield>
  <datafield tag="245" ind1=" " ind2=" ">
    <subfield code="a">Transcultural health care: A culturally competent approach. /</subfield>
    <subfield code="c">Larry D. Purnell and Betty J. Paulanka.</subfield>
  </datafield>
  <datafield tag="250" ind1=" " ind2=" ">
    <subfield code="a">2nd ed.</subfield>
  </datafield>
  <datafield tag="260" ind1=" " ind2=" ">
    <subfield code="a">Philadelphia:</subfield>
    <subfield code="b">Davis Company,</subfield>
    <subfield code="c">2003.</subfield>
  </datafield>
  <datafield tag="300" ind1=" " ind2=" ">
    <subfield code="a">xxii, 376p.:</subfield>
    <subfield code="b">ill.;</subfield>
    <subfield code="c">28cm</subfield>
  </datafield>
  <datafield tag="500" ind1=" " ind2=" ">
    <subfield code="a">Includes glossary and index</subfield>
  </datafield>
  <datafield tag="505" ind1=" " ind2=" ">
    <subfield code="a">Contents: Introduction: Chapter 1:Transcultural diversity and health care -- Chapter 2: The Purnell model for cultural competence -- Chapter 3: People of African American heritage -- Chapter 4: The Amish -- Chapter 5:People of Appalachian heritage -- Chapter 6: People of Arab heritage -- Chapter 7: People of Chinese heritage -- Chapter 8: People of Cuban heritage -- Chapter 9: People of Filipino heritage -- Chapter 10: People of French Canadian heritage -- Chapter 11: People of Iranian heritage -- Chapter 12: People of Irish heritage -- Chapter 13: People of Italian heritage -- Chapter 14: People of Japanese heritage -- Chapter 15: People of Jewish heritage --  Chapter 16: People of Korean heritage -- Chapter 17: People of Mexican heritage -- Chapter 18: Navajo Indians -- Chapters19:  People of Polish heritage -- Chapter 20: People of Puerto Rican heritage -- Chapter 21:  People of Vietnamese heritage.</subfield>
  </datafield>
  <datafield tag="700" ind1=" " ind2=" ">
    <subfield code="a">PAULANKA, Betty J.</subfield>
  </datafield>
  <datafield tag="942" ind1=" " ind2=" ">
    <subfield code="2">lcc</subfield>
    <subfield code="c">BK</subfield>
  </datafield>
  <datafield tag="999" ind1=" " ind2=" ">
    <subfield code="c">6537</subfield>
    <subfield code="d">14037</subfield>
  </datafield>
  <datafield tag="952" ind1=" " ind2=" ">
    <subfield code="0">0</subfield>
    <subfield code="1">0</subfield>
    <subfield code="2">lcc</subfield>
    <subfield code="4">0</subfield>
    <subfield code="7">0</subfield>
    <subfield code="a">WIUC-1</subfield>
    <subfield code="b">WIUC-1</subfield>
    <subfield code="c">NURS L.</subfield>
    <subfield code="d">2018-02-13</subfield>
    <subfield code="l">0</subfield>
    <subfield code="o">RA418.5.T73 T73</subfield>
    <subfield code="p">NURS/421/083/18</subfield>
    <subfield code="r">2018-02-13 00:00:00</subfield>
    <subfield code="t">1</subfield>
    <subfield code="w">2018-02-13</subfield>
    <subfield code="y">BK</subfield>
  </datafield>
</record>
